Estudios Sociales Centroamericanos/ (Mayo - Agosto 1978) Año 7, Número 20
Uloženo v:
| Korporativní autor: | |
|---|---|
| Médium: | Text |
| Jazyk: | Spanish |
| Vydáno: |
San José, Costa Rica
CSUCA
1978
|
| Témata: | |
| Tagy: |
Přidat tag
Žádné tagy, Buďte první, kdo vytvoří štítek k tomuto záznamu!
|
MARC
| LEADER | 00000 a a2200000 04500 | ||
|---|---|---|---|
| 001 | 43550 | ||
| 003 | cru IIS | ||
| 005 | 20220608102552.0 | ||
| 008 | 220603b1978 cr ||||| |||| 00| 0 spa d | ||
| 040 | |c cru IIS | ||
| 090 | |a REV0467 7(20) 1978 | ||
| 110 | 2 | |9 9180 |a Confederación Universitaria Centroamericana | |
| 245 | |a Estudios Sociales Centroamericanos/ |b (Mayo - Agosto 1978) Año 7, Número 20 |c CSUCA | ||
| 260 | |a San José, Costa Rica |b CSUCA |c 1978 | ||
| 300 | |a 313 páginas | ||
| 504 | |a Las condiciones del desarrollo de la integración Centroamericana (I Parte) Jorge Hernández Alcerro (páginas 9-33 El desarrollo del capitalismo en Nicaragua (1909-1912 Oscar René Vargas (páginas 35-45) Costa Rica: una política agraria innovadora José Ml. Salazar N. Ennio Rodríguez C. José Ml. Salazar X (páginas 47-110) El estado oligárquico en el Perú: un ensayo de interpretación Sinesio López J.(páginas 111-128) Dotrina de seguridad nacional y régimen militar (I Parte) Génaro Arriaga H. y Manuel Antonio Garretón M. (páginas 129-153) El "Secreto" de la acumulación originaria de capital: Una aproximación empírica Orlando Fals Borda (páginas 155-174) Apuntes para una teoría del Estado Guillermo O'Donnell (páginas 178-219) Crisis institucional, experiencia y conciencia de poder. Notas sobre la crisis de la legalidad burguesa. Beba C. Balvé (páginas 221-252) Cultura y cambio social. Una propuesta de interpretación sociopolítica Guillermo Castro Herrera (páginas 253-284) BIBLIOGRAFÍA Y DOCUMENTACIÓN La familia campesina L Fernando Cruz Sandoval (páginas 287-289) Situación de las profesiones e instituciones en Ciencias Sociales. Informe del relator Guillermo Molina Chocano (páginas 291-295) | ||
| 650 | |a ESTADO | ||
| 650 | |a SOCIEDAD | ||
| 650 | |a NACION | ||
| 650 | |a POBLACION | ||
| 773 | |g volumen7, número20 ( , 1978), páginas 177-219 | ||
| 773 | 0 | |0 18875 |9 5398 |a Universidad de Costa Rica. |d San José, Costa Rica: Universidad de Costa Rica. Consejo Superior Universitario Centroamericano, 1972- |o 13214 |t Estudios Sociales Centroamericanos / |x 03039676 | |
| 773 | 0 | |0 18875 |9 5398 |a Universidad de Costa Rica. |d San José, Costa Rica: Universidad de Costa Rica. Consejo Superior Universitario Centroamericano, 1972- |o 13214 |t Estudios Sociales Centroamericanos / |x 0303-9676 | |
| 942 | |2 z |c PP | ||
| 999 | |c 37900 |d 37900 | ||
